Statistics for Top 10 Asian Countries with the Most Precipitation

Click here to take the quiz!

General Stats

  • This quiz has been taken 40 times
  • The average score is 9 of 10

Answer Stats

PrecipitationCountry% Correct
332.0 cmBrunei
100%
184.0 cmCambodia
97%
265.7 cmIndonesia
97%
189.1 cmLaos
97%
294.4 cmMalaysia
95%
268.3 cmSingapore
92%
214.2 cmMyanmar
90%
258.5 cmPhilippines
87%
244.2 cmBangladesh
74%
198.5 cmMaldives
51%

Score Distribution

Percentile by Number Answered

Percent of People with Each Score

Your Score History

You have not taken this quiz